000 00642nam a2200205Ia 4500
999 _c65613
_d65613
005 20240530110834.0
008 140319s9999 xx 000 0 ara d
017 _bمصر. دار الكتب
040 _aGCL /
_cGCL
082 0 4 _221
_a235
_bأ ف
100 1 _aفيصل عيسى البابى الحلبى
245 1 0 _aالاحاديث القدسية /
_cدار احياء الكتب العربية
260 _aالقاهرة :
_bدار احياء الكتب العربية،
300 _a491 ص
650 0 7 _2qrmak
_aالاحاديث القدسية
650 0 4 _2qrmak
650 0 4 _2qrmak
651 _2qrmak
942 _2ddc
_cBK